Code of safety for fishermen and fishing vessels, 2005. (Record no. 15868)

000 -LEADER
fixed length control field 01091cam a22002657a 4500
020 ## - INTERNATIONAL STANDARD BOOK NUMBER
ISBN 9280142089 (v.1)
020 ## - INTERNATIONAL STANDARD BOOK NUMBER
ISBN 9789280142082 (v.1)
020 ## - INTERNATIONAL STANDARD BOOK NUMBER
ISBN 9280142097 (v.2)
020 ## - INTERNATIONAL STANDARD BOOK NUMBER
ISBN 9789280142099 (v.2)
040 ## - CATALOGING SOURCE
Transcribing agency MNU
082 00 - DEWEY DECIMAL CLASSIFICATION NUMBER
Classification number 363 INT 2006 A079 Or.
245 10 - TITLE STATEMENT
Title Code of safety for fishermen and fishing vessels, 2005.
246 18 - VARYING FORM OF TITLE
Title proper/short title Safety for fishermen and fishing vessels, 2005
250 ## - EDITION STATEMENT
Edition statement 2nd ed.
260 ## - PUBLICATION, DISTRIBUTION, ETC. (IMPRINT)
Place of publication London :
Name of publisher International Maritime Organization,
Year of publication 2006.
300 ## - PHYSICAL DESCRIPTION
Number of Pages 2 v. :
Other physical details ill. ;
Dimensions 24 cm.
500 ## - GENERAL NOTE
General note "The revised Code and Voluntary Guidelines were approved by MSC at its seventy-ninth session in 2004 and approved by the FAO Committee on Fisheries at its twenty-sixth session in March 2005 and the Governing Body of ILO at its 293rd session in June 2005"--Prelim. p. iv, pt. A.
650 #0 - SUBJECT ADDED ENTRY--TOPICAL TERM
Topical Term Fisheries
650 #0 - SUBJECT ADDED ENTRY--TOPICAL TERM
Topical Term Fishing boats
650 #0 - SUBJECT ADDED ENTRY--TOPICAL TERM
Topical Term Fisheries
710 2# - ADDED ENTRY--CORPORATE NAME
Corporate name or jurisdiction name as entry element Food and Agriculture Organization of the United Nations.
710 2# - ADDED ENTRY--CORPORATE NAME
Corporate name or jurisdiction name as entry element International Labour Organisation.
710 2# - ADDED ENTRY--CORPORATE NAME
Corporate name or jurisdiction name as entry element International Maritime Organization.
942 ## - ADDED ENTRY ELEMENTS (KOHA)
Koha item type សៀវភៅភាសាអង់គ្លេស
952 ## - LOCATION AND ITEM INFORMATION (KOHA)
Withdrawn status [LOCAL, KOHA] 0
Holdings
Permanent Location Date acquired Koha item type Lost status Shelving location Barcode Current Location Full call number
Library Block A2017-12-13សៀវភៅភាសាអង់គ្លេស A079A28035Library Block A363 INT 2006 A079 Or.
មជ្ឈមណ្ឌលឯការនៃសាកលវិទ្យាល័យភូមិន្ទកសិកម្មចំការដូង

Powered by Koha